000 01042nac a22003131u 4500
999 _c2228
_d2228
003 EG-ScBUE
005 20200106123058.0
008 200106t2004 nyu f 001 0 eng d
020 _a0321078691
020 _a9780321078698
040 _aEG-ScBUE
_beng
_erda
_cEG-ScBUE
_dEG-ScBUE
082 0 4 _a808.042
_bDUP
_222
100 1 _aDupont, Leslie,
_eauthor.
245 1 0 _aWriting keystones :
_bessays and research /
_cLeslie Dupont, University of Arizona.
264 1 _aNew York :
_bPearson Longman,
_c[2004]
264 4 _cc 2004
300 _axxvii, 322 pages ;
_c23 cm
336 _2rdacontent
_atext
_btxt
337 _2rdamedia
_aunmediated
_bn
338 _2rdacarrier
_avolume
_bnc
500 _aIncludes index.
500 _aIncludes appendices.
650 7 _aEnglish language
_xRhetoric.
_2BUEsh
650 7 _aResearch
_xMethodology.
_2BUEsh
_927690
653 _bHHUUEENN
_cJanuary2020
655 _vReading book
856 4 1 _3Table of contents
_uhttp://www.loc.gov/catdir/toc/fy045/2003060895.html
942 _cBB
_k808 D9273
_2ddc